Frogs: (Record no. 3808)
[ view plain ]
| 000 -LEADER | |
|---|---|
| fixed length control field | 01698nam a22002417a 4500 |
| 001 - CONTROL NUMBER | |
| control field | 3808 |
| 003 - CONTROL NUMBER IDENTIFIER | |
| control field | FISKH |
| 005 - DATE AND TIME OF LATEST TRANSACTION | |
| control field | 20240510101122.0 |
| 008 - FIXED-LENGTH DATA ELEMENTS--GENERAL INFORMATION | |
| fixed length control field | 240510b cb ||||| |||| 00| 0 eng d |
| 020 ## - INTERNATIONAL STANDARD BOOK NUMBER | |
| International Standard Book Number | 9781402757792 |
| 040 ## - CATALOGING SOURCE | |
| Original cataloging agency | FISKH |
| Language of cataloging | eng |
| Transcribing agency | FISKH |
| Modifying agency | FISKH |
| 050 ## - LIBRARY OF CONGRESS CALL NUMBER | |
| Classification number | QL668.E2 |
| 082 ## - DEWEY DECIMAL CLASSIFICATION NUMBER | |
| Classification number | 597.89 |
| 100 ## - MAIN ENTRY--PERSONAL NAME | |
| Personal name | Behler, John L. |
| Dates associated with a name | 1943-2006 |
| 245 ## - TITLE STATEMENT | |
| Title | Frogs: |
| Remainder of title | A chorus of colors / |
| Statement of responsibility, etc. | John L. Behler, Deborah A. Behler |
| 260 ## - PUBLICATION, DISTRIBUTION, ETC. | |
| Place of publication, distribution, etc. | New York : |
| Name of publisher, distributor, etc. | Sterling ; |
| Date of publication, distribution, etc. | 2005. |
| 300 ## - PHYSICAL DESCRIPTION | |
| Extent | 160 pages : |
| Other physical details | color illustrations ; |
| Dimensions | 27 cm |
| 520 ## - SUMMARY, ETC. | |
| Summary, etc. | A companion to the unique traveling exhibit--one of the most popular ever at museums throughout the nation--pays long-overdue homage to the fascinating frog. With richly colorful photos and compelling, informative descriptions, John and Deborah Behler have carefully crafted a wonderful tribute to the amazingly complex frog. With decades of expertise in conservation, the Behlers are unequaled in their ability to capture the wild and ever-changing world of these amphibians--all 5,000 species. They reveal an unexpected diversity of form, lifestyle, and ecology, and take readers on a magical journey that makes vibrantly clear why these creatures are so important. Breathtaking and brilliant images show tadpoles in water and on leaves; a many-hued variety of frogs (bright blue, golden yellow and black, red and turquoise) in their environment; African sand frogs and chirping frogs; Oriental fire-bellied frogs; and tiny three-toed toadlets--among the smallest that exist. It's a vision not to be missed.<br/> |
| 650 ## - SUBJECT ADDED ENTRY--TOPICAL TERM | |
| Topical term or geographic name entry element | Special Exhibits |
| Form subdivision | Biology |
| General subdivision | Nature |
| 700 ## - ADDED ENTRY--PERSONAL NAME | |
| Personal name | Behler, Deborah A. |
| Relator term | Author |
| 942 ## - ADDED ENTRY ELEMENTS (KOHA) | |
| Source of classification or shelving scheme | Dewey Decimal Classification |
| Koha item type | Books |
| Suppress in OPAC | No |
| Withdrawn status | Lost status | Source of classification or shelving scheme | Damaged status | Not for loan | Collection | Home library | Current library | Shelving location | Date acquired | Total Checkouts | Full call number | Barcode | Date last seen | Price effective from | Koha item type |
|---|---|---|---|---|---|---|---|---|---|---|---|---|---|---|---|
| Dewey Decimal Classification | Non-Fiction | Footprints International School Library Network Toul Kork Campus | Footprints International School Library Network Toul Kork Campus | A TK Campus, 4th Floor, Room B401, Non-Fiction Bookcases(7-8) | 05/10/2024 | BEH 597.89 QL668.E2 | 2024-0599 | 05/10/2024 | 05/10/2024 | Books |
